[Event "Rottach Egern Seniors Cup 10th"]
[Site "Rottach Egern"]
[Date "2022.03.28"]
[Round "3"]
[White "Gutt, Oswald"]
[Black "Basener, Winfried"]
[Result "0-1"]
[WhiteElo "1921"]
[BlackElo "2070"]
[PlyCount "70"]
[EventDate "2022.03.26"]
[EventType "swiss"]
[EventRounds "9"]
[EventCountry "GER"]
[SourceTitle "CBM 207 Extra"]
[Source "ChessBase"]
[SourceDate "2022.05.31"]
[SourceVersion "1"]
[SourceVersionDate "2022.05.31"]
[SourceQuality "1"]

1. d4 Nf6 2. c4 e6 3. Nf3 Bb4+ 4. Nc3 c5 5. g3 0-0 6. Bg2 Ne4 7. Qd3 f5 8. 0-0 Bxc3 9. bxc3 Qa5 10. Bb2 Qc7 11. Nd2 Nxd2 12. Qxd2 d6 13. Rfd1 Nc6 14. Qf4 e5 15. Bd5+ Kh8 16. dxe5 Nxe5 17. Rd2 Bd7 18. Rad1 Ba4 19. Re1 Rf6 20. Bc1 Raf8 21. Rb2 b6 22. Qh4 Re8 23. Bd2 Bc6 24. Reb1 Bxd5 25. cxd5 Rff8 26. Qa4 Ng6 27. Be1 Re4 28. Qd1 Rfe8 29. f3 Re3 30. Bf2 Rxc3 31. Qd2 Ra3 32. Qg5 Qf7 33. h4 h6 34. Qd2 Ne5 35. Rc2 Rxf3 0-1

[Event "Mittelrhein Verbandsliga-N 18/19"]
[Site "Nordrheinwestfalen"]
[Date "2018.11.18"]
[Round "4.7"]
[White "Gutt, Oswald"]
[Black "Nerowski, Bernhard"]
[Result "1-0"]
[WhiteElo "1866"]
[BlackElo "1583"]
[PlyCount "79"]
[EventDate "2018.09.02"]
[EventType "team-tourn"]
[EventRounds "12"]
[EventCountry "GER"]
[SourceTitle "EXT 2022"]
[Source "ChessBase"]
[SourceDate "2021.10.06"]
[SourceVersion "1"]
[SourceVersionDate "2021.10.06"]
[SourceQuality "1"]
[WhiteTeam "Bergische SF"]
[BlackTeam "Dormagen SV"]
[WhiteTeamCountry "GER"]
[BlackTeamCountry "GER"]

1. d4 d5 2. c4 e6 3. Nc3 Nf6 4. Nf3 Be7 5. Bg5 0-0 6. e3 Nbd7 7. Rc1 h6 8. Bh4 a6 9. c5 c6 10. b4 b5 11. Bg3 Nh5 12. Ne5 Nxe5 13. Bxe5 Nf6 14. Bd3 Re8 15. 0-0 Nd7 16. Bg3 Bh4 17. Bd6 e5 18. Bb1 Bg5 19. dxe5 Nxe5 20. f4 Nc4 21. fxg5 Qxg5 22. Bf4 Nxe3 23. Qf3 Bg4 24. Bxg5 Bxf3 25. Rxf3 hxg5 26. Kf2 Nc4 27. Rd1 Rad8 28. Ne2 Ne5 29. Rg3 f6 30. Nd4 Kf8 31. Ra3 Ra8 32. Nf5 Nc4 33. Rh3 Kg8 34. Nd4 Ne5 35. Bh7+ Kf7 36. Bf5 Kg8 37. Be6+ Kf8 38. Rh8+ Ke7 39. Rh7 Rg8 40. Bxg8 1-0

[Event "Mittelrhein Verbandsliga-N 18/19"]
[Site "Nordrheinwestfalen"]
[Date "2018.09.02"]
[Round "1.8"]
[White "Gutt, Oswald"]
[Black "Schurr, Bernhard"]
[Result "1-0"]
[WhiteElo "1871"]
[BlackElo "1738"]
[PlyCount "53"]
[EventDate "2018.09.02"]
[EventType "team-tourn"]
[EventRounds "12"]
[EventCountry "GER"]
[SourceTitle "EXT 2022"]
[Source "ChessBase"]
[SourceDate "2021.10.06"]
[SourceVersion "1"]
[SourceVersionDate "2021.10.06"]
[SourceQuality "1"]
[WhiteTeam "Bergische SF"]
[BlackTeam "Rheinpark BSG"]
[WhiteTeamCountry "GER"]
[BlackTeamCountry "GER"]

1. d4 d6 2. Nf3 g6 3. c4 Bg7 4. g3 Nf6 5. Bg2 0-0 6. 0-0 Nbd7 7. Nc3 e5 8. b3 exd4 9. Nxd4 Ng4 10. Bb2 a6 11. h3 Nge5 12. f4 c5 13. Nc2 Nc6 14. Qxd6 Nd4 15. Nxd4 Bxd4+ 16. Kh2 a5 17. Rad1 Ra6 18. Qd5 Qe7 19. Rxd4 cxd4 20. Qxd4 f6 21. Rf2 Re8 22. Nd5 Qf8 23. Nc7 Rd6 24. Bd5+ Kg7 25. Nxe8+ Qxe8 26. e4 Nf8 27. e5 1-0

[Event "Mittelrhein Verbandsliga-N 17/18"]
[Site "Nordrheinwestfalen"]
[Date "2018.02.04"]
[Round "7.7"]
[White "Gutt, Oswald"]
[Black "Proba, Stefan"]
[Result "1/2-1/2"]
[WhiteElo "1842"]
[BlackElo "1891"]
[PlyCount "23"]
[EventDate "2017.09.10"]
[EventType "team-swiss"]
[EventRounds "11"]
[EventCountry "GER"]
[SourceTitle "EXT 2022"]
[Source "ChessBase"]
[SourceDate "2021.10.06"]
[SourceVersion "1"]
[SourceVersionDate "2021.10.06"]
[SourceQuality "1"]
[WhiteTeam "Bergische SF"]
[BlackTeam "Koeln Ford SF"]
[WhiteTeamCountry "GER"]
[BlackTeamCountry "GER"]

1. e4 c6 2. Nc3 d5 3. Nf3 a6 4. d4 Bg4 5. Be2 e6 6. 0-0 Nf6 7. exd5 cxd5 8. Ne5 Bxe2 9. Qxe2 Qb6 10. Rd1 Nc6 11. Nf3 Be7 12. Rb1 1/2-1/2

[Event "Mittelrhein Verbandsliga-M 16/17"]
[Site "Nordrheinwestfalen"]
[Date "2017.02.19"]
[Round "8.7"]
[White "Gutt, Oswald"]
[Black "Brandt, Marc"]
[Result "1-0"]
[WhiteElo "1874"]
[BlackElo "1073"]
[PlyCount "73"]
[EventDate "2016.09.11"]
[EventType "team-tourn"]
[EventRounds "11"]
[EventCountry "GER"]
[SourceTitle "EXT 2022"]
[Source "ChessBase"]
[SourceDate "2021.10.06"]
[SourceVersion "1"]
[SourceVersionDate "2021.10.06"]
[SourceQuality "1"]
[WhiteTeam "Bergische SF"]
[BlackTeam "Esch SF"]
[WhiteTeamCountry "GER"]
[BlackTeamCountry "GER"]

1. Nf3 d6 2. c4 Nd7 3. g3 e5 4. Nc3 c6 5. d4 Qc7 6. Bg2 Be7 7. 0-0 h6 8. b3 Ngf6 9. Qc2 Nf8 10. Bb2 N6d7 11. Rad1 Ng6 12. h4 Bf6 13. Ne4 Be7 14. h5 Ngf8 15. dxe5 dxe5 16. c5 Ne6 17. Nd6+ Kf8 18. Nxf7 Kxf7 19. Qg6+ Kf8 20. Qxe6 Nxc5 21. Qxe5 Qxe5 22. Nxe5 Rg8 23. Ng6+ Kf7 24. Nxe7 Kxe7 25. Ba3 b6 26. Bxc6 Bg4 27. Bxa8 Bxe2 28. Rfe1 Rxa8 29. Bxc5+ bxc5 30. Rxe2+ Kf6 31. Rd5 Rc8 32. Rc2 Re8 33. Rcxc5 Re1+ 34. Kg2 Re2 35. Rc6+ Kf7 36. Ra5 Re7 37. Rca6 1-0

[Event "Mittelrhein Verbandsliga-M 15/16"]
[Site "Nordrheinwestfalen"]
[Date "2016.05.01"]
[Round "11.5"]
[White "Themm, Rainer"]
[Black "Gutt, Oswald"]
[Result "1-0"]
[WhiteElo "1844"]
[BlackElo "1887"]
[PlyCount "49"]
[EventDate "2015.09.06"]
[EventType "team-tourn"]
[EventRounds "11"]
[EventCountry "GER"]
[SourceTitle "EXT 2022"]
[Source "ChessBase"]
[SourceDate "2021.10.06"]
[SourceVersion "1"]
[SourceVersionDate "2021.10.06"]
[SourceQuality "1"]
[WhiteTeam "Schlebusch SF"]
[BlackTeam "Bergische SF"]
[WhiteTeamCountry "GER"]
[BlackTeamCountry "GER"]

1. c4 e6 2. Nc3 d5 3. d4 c5 4. e3 Nf6 5. Nf3 Nc6 6. Be2 a6 7. cxd5 exd5 8. 0-0 Be7 9. dxc5 0-0 10. a3 Bxc5 11. b4 Ba7 12. Bb2 Bg4 13. Nd4 Bxe2 14. Ncxe2 Re8 15. Rc1 Ne5 16. Ng3 Nc4 17. Ba1 g6 18. Qd3 Rc8 19. Rfd1 Ne4 20. Nxe4 Rxe4 21. Rc2 b5 22. Nc6 Qc7 23. Nxa7 Qxa7 24. Qxd5 Rce8 25. Qxe4 1-0

[Event "Mittelrhein Verbandsliga-M 15/16"]
[Site "Nordrheinwestfalen"]
[Date "2016.04.10"]
[Round "10.4"]
[White "Koenner, Martin"]
[Black "Gutt, Oswald"]
[Result "1/2-1/2"]
[WhiteElo "1901"]
[BlackElo "1923"]
[PlyCount "90"]
[EventDate "2015.09.06"]
[EventType "team-tourn"]
[EventRounds "11"]
[EventCountry "GER"]
[SourceTitle "EXT 2022"]
[Source "ChessBase"]
[SourceDate "2021.10.06"]
[SourceVersion "1"]
[SourceVersionDate "2021.10.06"]
[SourceQuality "1"]
[WhiteTeam "Rheinpark BSG"]
[BlackTeam "Bergische SF"]
[WhiteTeamCountry "GER"]
[BlackTeamCountry "GER"]

1. e4 d6 2. d4 Nf6 3. Nc3 g6 4. Nf3 Bg7 5. h3 0-0 6. Be3 c6 7. Qd2 b5 8. Bd3 b4 9. Ne2 a5 10. 0-0 Ba6 11. Bh6 Nbd7 12. Rfe1 c5 13. Bxg7 Kxg7 14. e5 Ne8 15. e6 fxe6 16. Nf4 Nc7 17. Ng5 Rxf4 18. Qxf4 Qg8 19. Bxa6 Rxa6 20. dxc5 Nxc5 21. Qh4 Nd5 22. Rad1 Nf6 23. Qd4 Qc8 24. Qc4 d5 25. Qd4 h6 26. Nf3 Nce4 27. Re2 Rc6 28. Qd3 Nc5 29. Qe3 Nfe4 30. Nd4 Ra6 31. f3 Nf6 32. Qe5 Kf7 33. Qe3 Kg7 34. Qf4 Nfd7 35. Qh4 Qf8 36. Qg3 Qf6 37. f4 Ne4 38. Qd3 Ndc5 39. Qe3 h5 40. Ree1 h4 41. Qf3 Ra8 42. Qg4 Rf8 43. Rf1 Ng3 44. Rfe1 Nge4 45. Rf1 Ng3 1/2-1/2

[Event "Mittelrhein Verbandsliga-M 15/16"]
[Site "Nordrheinwestfalen"]
[Date "2015.09.06"]
[Round "1.6"]
[White "Gerdell, Frank"]
[Black "Gutt, Oswald"]
[Result "1-0"]
[WhiteElo "2054"]
[BlackElo "1910"]
[PlyCount "65"]
[EventDate "2015.09.06"]
[EventType "team-tourn"]
[EventRounds "11"]
[EventCountry "GER"]
[SourceTitle "EXT 2022"]
[Source "ChessBase"]
[SourceDate "2021.10.06"]
[SourceVersion "1"]
[SourceVersionDate "2021.10.06"]
[SourceQuality "1"]
[WhiteTeam "Gruenfeld"]
[BlackTeam "Bergische SF"]
[WhiteTeamCountry "GER"]
[BlackTeamCountry "GER"]

1. c4 e5 2. g3 Nf6 3. Bg2 c6 4. Nc3 d5 5. cxd5 cxd5 6. Qb3 Nc6 7. Nxd5 Nd4 8. Nxf6+ gxf6 9. Qd1 Qc7 10. Kf1 Be6 11. b3 Nc2 12. Rb1 Na3 13. Bxa3 Bxa3 14. Nf3 Rc8 15. Ne1 Ke7 16. h4 Rhd8 17. h5 f5 18. Rh4 e4 19. d4 Qc3 20. e3 Rd5 21. g4 f4 22. Bxe4 fxe3 23. Bxd5 Bxd5 24. Rh3 Bc1 25. Rxc1 Qxc1 26. Rxe3+ Kd6 27. Qd3 Be6 28. Qe4 Qc6 29. Qe5+ Kd7 30. d5 Qa6+ 31. Kg2 Ke7 32. dxe6 fxe6 33. Qg7+ 1-0

[Event "Dresden ZMDI Blitz"]
[Site "Dresden"]
[Date "2011.08.12"]
[Round "7"]
[White "Langer, Wolfgang3333"]
[Black "Gutt, Oswald"]
[Result "1/2-1/2"]
[WhiteElo "1917"]
[BlackElo "2031"]
[PlyCount "47"]
[EventDate "2011.08.06"]
[EventType "swiss (blitz)"]
[EventRounds "9"]
[EventCountry "GER"]
[SourceTitle "EXT 2022"]
[Source "ChessBase"]
[SourceDate "2021.10.06"]
[SourceVersion "1"]
[SourceVersionDate "2021.10.06"]
[SourceQuality "1"]

1. d4 Nf6 2. c4 g6 3. Nc3 d5 4. cxd5 Nxd5 5. e4 Nxc3 6. bxc3 Bg7 7. Be3 c5 8. Bb5+ Bd7 9. Bxd7+ Qxd7 10. Nf3 Qg4 11. Qa4+ Nd7 12. 0-0 Qxe4 13. Rfe1 Qc6 14. Qxc6 bxc6 15. Rab1 cxd4 16. Bxd4 Bxd4 17. Nxd4 Rc8 18. Rb7 e6 19. Rxa7 Nb6 20. Rb1 Nd5 21. c4 Nc3 22. Rc1 e5 23. Re1 0-0 24. Rxe5 1/2-1/2

[Event "Dresden ZMDI Blitz"]
[Site "Dresden"]
[Date "2011.08.07"]
[Round "2"]
[White "Gutt, Oswald"]
[Black "Finke, Maurice"]
[Result "1-0"]
[WhiteElo "2031"]
[BlackElo "1794"]
[PlyCount "77"]
[EventDate "2011.08.06"]
[EventType "swiss (blitz)"]
[EventRounds "9"]
[EventCountry "GER"]
[SourceTitle "EXT 2022"]
[Source "ChessBase"]
[SourceDate "2021.10.06"]
[SourceVersion "1"]
[SourceVersionDate "2021.10.06"]
[SourceQuality "1"]

1. d4 Nf6 2. Nf3 c5 3. d5 e6 4. c4 exd5 5. cxd5 d6 6. Nc3 g6 7. g3 Bg7 8. Bg2 0-0 9. 0-0 a6 10. a4 Re8 11. h3 Nbd7 12. Nd2 Rb8 13. Nc4 Ne5 14. Nxe5 Rxe5 15. f4 Re8 16. a5 b5 17. axb6 Qxb6 18. Kh2 Nd7 19. e4 c4 20. Qe2 Qc7 21. Rd1 f5 22. e5 dxe5 23. d6 Qc5 24. Rd5 Qa7 25. Be3 Nb6 26. Bxb6 Rxb6 27. fxe5 Bd7 28. Ra2 Bc6 29. Qxc4 Bxd5 30. Qxd5+ Qf7 31. Qc5 Rbb8 32. Bd5 Re6 33. Qc4 Rbe8 34. Bxe6 Rxe6 35. Qc8+ Re8 36. d7 Rxc8 37. dxc8Q+ Bf8 38. Rxa6 Qb3 39. Qe6+ 1-0